书目信息 |
| 题名: |
搏杀中途岛
|
|
| 作者: | 华林, 原著 ;王永生 编译 | |
| 分册: | ||
| 出版信息: | 北京 京华出版社 2004.6 |
|
| 页数: | 297页 | |
| 开本: | 23cm | |
| 丛书名: | 二战经典战役全记录 | |
| 单 册: | ||
| 中图分类: | E195.2 | |
| 科图分类: | ||
| 主题词: | 第二次世界大战战役(1939-1945)--di er ci shi jie dai zhan zhan yi (1939-1945)--史料 | |
| 电子资源: | ||
| ISBN: | 978-7-80600-898-0 | |
| 000 | 01158nam 2200337 45 | |
| 001 | 012001012496 | |
| 005 | 20191209145102.21 | |
| 010 | @a978-7-80600-898-0@dCNY56.00 | |
| 092 | @aCN@b人天146-0264 | |
| 099 | @aCAL 012006057413 | |
| 100 | @a20040707d2006 ekmy0chiy0121 ea | |
| 101 | 1 | @achi |
| 102 | @aCN@b110000 | |
| 105 | @aabc z 000yy | |
| 106 | @ar | |
| 200 | 1 | @a搏杀中途岛@ABo Sha Zhong Tu Dao@f原著汤森·华林@g编译王永生 |
| 205 | @a第2版 | |
| 210 | @a北京@c京华出版社@d2004.6 | |
| 215 | @a297页@c图, 肖像, 地图@d23cm | |
| 225 | 2 | @a二战经典战役全记录@AEr Zhan Jing Dian Zhan Yi Quan Ji Lu |
| 312 | @a并列题名取自封面 | |
| 330 | @a本书是一本关于二战史料的书籍,主要内容包括:山本的赌注,尼米兹调兵遣将,浩荡出击,牵制进攻等。 | |
| 333 | @a史学研究人员及普通读者。 | |
| 410 | 0 | @12001@@a二战经典战役全记录 |
| 510 | 1 | @aBattle of Midway@zeng |
| 606 | 0 | @a第二次世界大战战役(1939-1945)@Adi er ci shi jie dai zhan zhan yi (1939-1945)@x史料 |
| 690 | @aE195.2@v4 | |
| 701 | 1 | @a华林,@AHua Lin@b汤森@4原著 |
| 702 | 0 | @a王永生@AWang Yong Sheng@4编译 |
| 801 | 2 | @aCN@b上海新华@c20191020 |
| 905 | @b1179537-40@dE195.2@e111=2@f4 | |
| 搏杀中途岛/原著汤森·华林/编译王永生.-第2版.-北京:京华出版社,2004.6 |
| 297页:图, 肖像, 地图;23cm.-(二战经典战役全记录) |
| 使用对象:史学研究人员及普通读者。 |
| ISBN 978-7-80600-898-0:CNY56.00 |
| 本书是一本关于二战史料的书籍,主要内容包括:山本的赌注,尼米兹调兵遣将,浩荡出击,牵制进攻等。 |
| ● |
| 相关链接 |
|
|
|
|
正题名:搏杀中途岛
索取号:E195.2/111=2
 
预约/预借
| 序号 | 登录号 | 条形码 | 馆藏地/架位号 | 状态 | 备注 |
| 1 | 1179537 | 211795379 | 第一样本阅览室/ [索取号:E195.2/111=2] | 在馆 | |
| 2 | 1179538 | 211795388 | 第一借阅区/ [索取号:E195.2/111=2] | 在馆 | |
| 3 | 1179539 | 211795397 | 第一借阅区/ [索取号:E195.2/111=2] | 在馆 | |
| 4 | 1179540 | 211795404 | 第一借阅区/ [索取号:E195.2/111=2] | 在馆 |